Statistics for Sky Lyrics-Playboi Carti

Click here to take the quiz!

General Stats

  • This quiz has been taken 619 times
  • The average score is 322 of 438

Answer Stats

HintAnswer% Correct
| x3I
99%
A
94%
My
94%
The
93%
No
91%
To
89%
It
87%
Like
87%
Me
87%
Not
87%
Up
87%
And
86%
Go
86%
Of
85%
Ten
85%
Cant
84%
| x4 | x5High
84%
Blunt
83%
Feel
83%
Do
82%
First
82%
| x4 | x5Im
82%
Month
82%
Roll
82%
Wake
82%
Shit
80%
When
80%
Fuck
79%
x3Who
79%
Bitch
78%
Get
78%
Sky
78%
| x4What
78%
For
77%
Nothin
77%
She
77%
| x4 | x5Way
77%
Even
76%
So
76%
We
76%
Brush
75%
Teeth
75%
Dont
74%
Don’t
74%
Its
73%
Told
73%
Yeah
72%
Blunts
71%
Count
71%
Best
70%
Drive
70%
Symbol
70%
Couple
69%
Friend
69%
Got
69%
Make
69%
Sex
69%
Those
69%
| x4 | x5Too
69%
With
69%
Rockstar
68%
Til
68%
Boy
67%
Tell
67%
Her
66%
Still
66%
That
66%
Windows
66%
Daytona
65%
| x3In
65%
Nobody
65%
On
65%
Shadow
65%
Simple
65%
Tryna
65%
| x3You
65%
Bout
63%
R8s
63%
Tinted
63%
Dirty
62%
Out
62%
Cup
61%
Lean
61%
Look
61%
Fall
60%
Scream
60%
| x3This
60%
| x3Know
59%
Let
58%
| x3Room
58%
Wont
58%
Baby
57%
Some
57%
Wanna
57%
x3Fucked
56%
Pour
56%
Ed
54%
Love
54%
Could
53%
Trust
53%
Dick
52%
Think
52%
Hardy
51%
Suck
51%
Ass
50%
Everybody
50%
x3Gotta
50%
Money
50%
Stuck
50%
Good
47%
Pat
45%
Stilettos
45%
These
44%
Clean
43%
Gon
43%
Just
43%
Kiss
43%
Thinkin
42%
Been
41%
Cook
41%
Hug
41%
| x4Woah
41%
Want
40%
Screw
39%
But
38%
Shawty
38%
Cut
35%
Finna
35%
Off
35%
Red
35%
Paparazzi
34%
Pistols
30%
Walked
29%
At
27%
Chris
27%
Man
26%
Took
26%
Ruth
25%
Pad
21%
Fence
19%
Everyone
18%

Score Distribution

Percentile by Number Answered

Percent of People with Each Score

Your Score History

You have not taken this quiz